000 00346 a2200157 4500
001 48475
020 _a9788555430992
040 _cAnchieta - Bela Vista
100 _aKunnas, Mauri
240 1 0 _aSocorro, piratas!
_lpor
245 1 0 _aSocorro, piratas!
300 _a36
362 0 _a2017
650 4 _aLiteratura infanto-juvenil
942 _cBK
999 _c48475
_d48475